| 000 | 00423cam a2200169ua 4500 | ||
|---|---|---|---|
| 020 | _c1.00 | ||
| 041 |
_aeng _h |
||
| 082 |
_a334.01 _bMOO/WH |
||
| 100 | _aMoosad, P.N . | ||
| 245 |
_aWhy this co-operativisation / _cP.N.Moosad. _hTextual Documents |
||
| 260 |
_aCalicut : _bPrakasa kaumudi co-operative press , _c1965. |
||
| 300 | _a56 ; . | ||
| 365 | _a1.00 | ||
| 504 | _a | ||
| 942 | _cBK | ||
| 999 |
_c8799 _d8799 |
||